| 000 | 00651cam a2200193 i 4500 | ||
|---|---|---|---|
| 005 | 20251117121406.0 | ||
| 008 | 250721s2004 jo gr 000 0 ara d | ||
| 082 | 1 | 4 |
_a210.41334 _bك و س |
| 100 | 1 |
_aكوسا، ماهر _eمؤلف. |
|
| 245 | 1 | 2 |
_aالجامع المفيد لعلاج السحر العنيد بالقرآن المجيد / _cماهر كوسا. |
| 250 | _aالطبعة الأولى. | ||
| 264 | 3 | 1 |
_aعمان : _bدار الإسراء، _c2004. |
| 300 | _a200 صفحة. | ||
| 650 | 1 | 7 | _aالقرآن المجيد. |
| 650 | 1 | 7 | _aالسحر. |
| 650 | 1 | 7 | _aالروحانية. |
| 942 |
_2ddc _cBK |
||
| 999 |
_c87770 _d87770 |
||